La televisión en los, 90

-д хадгалсан:
Номзүйн дэлгэрэнгүй
Үндсэн зохиолч: Fuenzalida Fernández, Valerio (Зохиогч)
Формат: Ном
Хэл сонгох:испани
Хэвлэсэн: Santiago CPU 1990
Нөхцлүүд:
Шошгууд: Шошго нэмэх
Шошго байхгүй, Энэхүү баримтыг шошголох эхний хүн болох!

MARC

LEADER 00000nam a2200000 a 4500
001 UCW5024
003 CL-VaPUC
008 901113e19900000CL |||||||||||||||||spa|d
082 0 4 |a 384.55  |b FUE  |2 21 
100 0 |a Fuenzalida Fernández, Valerio  |e author  |9 309831 
245 1 3 |a La televisión en los, 90 
300 |a 158 p 
942 |c BK 
945 |d 19901113 00:00:00 
260 |a Santiago  |b CPU  |c 1990 
650 7 |a TELEVISION EN LA EDUCACION  |2 CL-VaPUC  |9 268090 
650 0 |a Medios de comunicación de masas  |9 257273 
650 0 |a Comunicación audiovisual  |9 268089 
583 |a last modification  |c 19901113 00:00:00  |k Rodrigo Vera 
999 |c 218543  |d 218541 
952 |0 0  |1 0  |4 0  |6 384_550000000000000_FUE_1990  |7 0  |8 A  |9 208266  |a BIBEDU  |b BIBEDU  |d 2019-11-15  |i 2762153  |o 384.55 FUE 1990  |p 2762153  |r 2019-11-15  |w 2019-11-15  |y BK  |k EDU 
952 |0 0  |1 0  |4 0  |6 384_550000000000000_FUE_1990  |7 0  |8 A  |9 208267  |a BIBENE  |b BIBENE  |d 2019-11-15  |i 2762161  |o 384.55 FUE 1990  |p 2762161  |r 2025-01-15  |w 2019-11-15  |y BK  |k ICO